"Teplé mlieko s lyžičkou medu"

Bibliographic Details
Main Author: Součková, Marta, 1963- (Author)
Format: Article
Language:Slovak
ISSN:1210-1982
Subjects:

MARC

LEADER 00000nab a2200000 ar4500
001 vtls008963843
003 SK-MaSNL
005 20260303070758.0
008 070413c2007 xo er|p|||||||000 b|slo
015 |a SNBRB2007/04  |2 snkbucl 
038 |a SNKBUCL 
040 |a SNKBUCL  |b slo  |c SNKBUCL  |e AACR2 
041 0 |a slo 
044 |a xo  |c SK 
080 |a 82.09:821.162.4-32  |x (048)  |2 2001 
080 |a 821.162.4-32  |x (048)  |2 2001 
100 1 |a Součková, Marta,  |d 1963-   |4 aut  |9 13337 
245 1 0 |a "Teplé mlieko s lyžičkou medu"  |c Marta Součková 
650 0 7 |a psychologické novely, slovenské  |x recenzie  |2 snkbucl  |9 1026555 
650 0 7 |a spoločenské novely, slovenské  |x recenzie  |2 snkbucl  |9 1044273 
655 7 |a recenzie  |2 snkbucl  |9 21907 
773 0 |t Knižná revue  |g Roč. XVII, č. 7 (2007), s. 5  |x 1210-1982 
787 0 8 |i Rec.:  |a Žuchová, Svetlana, 1976-  |t Yesim  |d Levice : Koloman Kertész Bagala L.C.A. Publishers Group, 2006 
852 |a SNK  |b KIS3GCP 
958 |a LX 
958 |a SK 
958 |a RC 
999 |c 1756892  |d 1758822